000 00620nam a22002057a 4500
005 20251108170011.0
008 250721s9999 xx 000 0 ara d
082 1 4 _aط/ق/يوس
100 1 _aيوسف، عبد التواب
245 1 0 _aقطة أم بطة ؟ /
264 1 _aالقاهره :
_bنهضة مصر،
_c[19-].
300 _a16 ص. : مص.
490 0 _aمن تحب أن تكون ؟
_v6
650 1 7 _aالقصص العلمية
650 1 7 _aالحيوانات
653 _aأطفال مرحاة متوسطة (6-9 سنوات)
700 1 _aخطاب، آمال
942 _2ddc
_cBK
999 _c37050
_d37050